书目信息 |
| 题名: |
深海热液金属硫化物矿瞬变电磁响应的三维正演模拟
|
|
| 作者: | 李瑞雪 著 | |
| 分册: | ||
| 出版信息: | 长沙 中南大学出版社 2018.05 |
|
| 页数: | 122页 | |
| 开本: | 24cm | |
| 丛书名: | 江西理工大学清江学术文库 | |
| 单 册: | ||
| 中图分类: | P631.3 | |
| 科图分类: | ||
| 主题词: | 瞬变电磁法 | |
| 电子资源: | ||
| ISBN: | 978-7-5487-3186-3 | |
| 000 | 01527oam2 2200277 450 | |
| 001 | 1151 | |
| 005 | 20180927141008.52 | |
| 010 | @a978-7-5487-3186-3@dCNY40.00 | |
| 100 | @a20180714d2018 em y0chiy50 ea | |
| 101 | 0 | @achi |
| 102 | @aCN@b430000 | |
| 105 | @aa z 000yy | |
| 200 | 1 | @a深海热液金属硫化物矿瞬变电磁响应的三维正演模拟@9shen hai re ye jin shu liu hua wu kuang shun bian dian ci xiang ying de san wei zheng yan mo ni@f李瑞雪[等]著 |
| 210 | @a长沙@c中南大学出版社@d2018.05 | |
| 215 | @a122页@c图@d24cm | |
| 225 | 1 | @a江西理工大学清江学术文库 |
| 304 | @a著者还有:席振铢、周胜、宋刚 | |
| 312 | @a封面英文题名:Three dimensional forward modeling of transient electromagnetic response for deep-sea volcanogenic massive sulfide ore deposit | |
| 330 | @a本书主要通过分析位于大洋扩张脊和弧后扩张中心多处典型深海热液金属硫化物矿的成矿环境、控矿构造以及矿体的形态规模等特征,将块状硫化物矿三维电性模型归纳为出露模式与沉积覆盖模式,推导了全空间矢量有限元算法和矢量有限元快速算法。对出露模式与沉积覆盖模式的深海热液金属硫化物矿三维电性模型的瞬变电磁响应进行了数值模拟和物理模拟实验,最后采用大西洋TAG热液区和西南印度洋热液区瞬变电磁实测数据与数值模拟结果进行了比对。 | |
| 461 | 0 | @12001 @a江西理工大学清江学术文库 |
| 510 | 1 | @aThree dimensional forward modeling of transient electromagnetic response for deep-sea volcanogenic massive sulfide ore deposit@zeng |
| 606 | 0 | @a瞬变电磁法 |
| 690 | @aP631.3@v5 | |
| 701 | 0 | @a李瑞雪@9li rui xue@4著 |
| 801 | 0 | @aCN@b91MARC@c20180714 |
| 905 | @aMuseLib@dP631.3@e75 | |
| 深海热液金属硫化物矿瞬变电磁响应的三维正演模拟/李瑞雪[等]著.-长沙:中南大学出版社,2018.05 |
| 122页:图;24cm.-(江西理工大学清江学术文库) |
| ISBN 978-7-5487-3186-3:CNY40.00 |
| 本书主要通过分析位于大洋扩张脊和弧后扩张中心多处典型深海热液金属硫化物矿的成矿环境、控矿构造以及矿体的形态规模等特征,将块状硫化物矿三维电性模型归纳为出露模式与沉积覆盖模式,推导了全空间矢量有限元算法和矢量有限元快速算法。对出露模式与沉积覆盖模式的深海热液金属硫化物矿三维电性模型的瞬变电磁响应进行了数值模拟和物理模拟实验,最后采用大西洋TAG热液区和西南印度洋热液区瞬变电磁实测数据与数值模拟结果进行了比对。 |
| ● |
| 相关链接 |
|
|
|
|
正题名:深海热液金属硫化物矿瞬变电磁响应的三维正演模拟
索取号:P631.3/75
 
预约/预借
| 序号 | 登录号 | 条形码 | 馆藏地/架位号 | 状态 | 备注 |
| 1 | 1121414 | 211214149 | 第二样本阅览室/ [索取号:P631.3/75] | 在馆 | |
| 2 | 1121415 | 211214158 | 第三借阅区/ [索取号:P631.3/75] | 在馆 | |
| 3 | 1121416 | 211214167 | 第三借阅区/ [索取号:P631.3/75] | 在馆 | |
| 4 | 1121417 | 211214176 | 第三借阅区/ [索取号:P631.3/75] | 在馆 | |
| 5 | 1121418 | 211214185 | 化学系资料室/ [索取号:P631.3/75] | 在馆 |